<?xml version="1.0" encoding="UTF-8"?><?xml-stylesheet type="text/xsl" href="static/style.xsl"?><OAI-PMH xmlns="http://www.openarchives.org/OAI/2.0/" xmlns:xsi="http://www.w3.org/2001/XMLSchema-instance" xsi:schemaLocation="http://www.openarchives.org/OAI/2.0/ http://www.openarchives.org/OAI/2.0/OAI-PMH.xsd"><responseDate>2026-04-17T04:06:00Z</responseDate><request verb="GetRecord" identifier="oai:www.recercat.cat:2072/457824" metadataPrefix="marc">https://recercat.cat/oai/request</request><GetRecord><record><header><identifier>oai:recercat.cat:2072/457824</identifier><datestamp>2026-04-08T06:42:06Z</datestamp><setSpec>com_2072_98</setSpec><setSpec>col_2072_378192</setSpec></header><metadata><record xmlns="http://www.loc.gov/MARC21/slim" xmlns:dcterms="http://purl.org/dc/terms/" xmlns:xsi="http://www.w3.org/2001/XMLSchema-instance" xmlns:doc="http://www.lyncode.com/xoai" xsi:schemaLocation="http://www.loc.gov/MARC21/slim http://www.loc.gov/standards/marcxml/schema/MARC21slim.xsd">
   <leader>00925njm 22002777a 4500</leader>
   <datafield ind2=" " ind1=" " tag="042">
      <subfield code="a">dc</subfield>
   </datafield>
   <datafield ind2=" " ind1=" " tag="720">
      <subfield code="a">Ruiz-Castell, Pedro</subfield>
      <subfield code="e">author</subfield>
   </datafield>
   <datafield ind2=" " ind1=" " tag="260">
      <subfield code="c">2020</subfield>
   </datafield>
   <datafield ind2=" " ind1=" " tag="520">
      <subfield code="a">El Museo Nacional de Ciencia y Tecnología (MUNCYT) fue fundado en 1980. Establecido en plena transición de la dictadura franquista hacia la democracia, un período en el que la ciencia y la tecnología fueron vistos como elementos cruciales para la modernización de España, el estudio de la creación del MUNCYT permite explorar algunas de las continuidades y discontinuidades que existieron entre el régimen franquista y el sistema democrático establecido tras la muerte del dictador en 1975. Curiosamente, el MUNCYT fue creado sin colecciones y no fue hasta 1982 que los primeros instrumentos llegaron al museo. Como muestra este artículo, la adquisición de estos instrumentos incorporó una retórica política específica que puede analizarse a la luz de los usos políticos de la historia de la ciencia y del papel desempeñado por los museos de ciencia y tecnología en tales prácticas.</subfield>
   </datafield>
   <datafield ind2=" " ind1=" " tag="520">
      <subfield code="a">The Spanish National Museum of Science and Technology (Museo Nacional de Ciencia y Tecnología, MUNCYT) was founded in 1980. The MUNCYTwas established in the so-called transition from Franco's dictatorship to democracy, in which science and technology were seen as crucial elements for the modernization of Spain. The study of how the MUNCYT was created allows exploration of some of the continuities and discontinuities between Franco's regime and the democratic system established after the death of the dictator in1975. Strangely, the MUNCYT was created with no collections, and it was only in 1982 that the first instruments arrived in the museum. As this paper shows, the acquisition of these instruments embedded a specific political rhetoric that can be analyzed in the light of political uses of the history of science and the role played by science and technology museums in such practices.</subfield>
   </datafield>
   <datafield tag="653" ind2=" " ind1=" ">
      <subfield code="a">Scientific and technological heritage</subfield>
   </datafield>
   <datafield tag="653" ind2=" " ind1=" ">
      <subfield code="a">Public sphere</subfield>
   </datafield>
   <datafield tag="653" ind2=" " ind1=" ">
      <subfield code="a">Patrimonialization</subfield>
   </datafield>
   <datafield tag="653" ind2=" " ind1=" ">
      <subfield code="a">Political uses of the past</subfield>
   </datafield>
   <datafield tag="653" ind2=" " ind1=" ">
      <subfield code="a">Science and technology museums</subfield>
   </datafield>
   <datafield tag="653" ind2=" " ind1=" ">
      <subfield code="a">Patrimonio científico y tecnológico</subfield>
   </datafield>
   <datafield tag="653" ind2=" " ind1=" ">
      <subfield code="a">Esfera pública</subfield>
   </datafield>
   <datafield tag="653" ind2=" " ind1=" ">
      <subfield code="a">Patrimonialización</subfield>
   </datafield>
   <datafield tag="653" ind2=" " ind1=" ">
      <subfield code="a">Usos políticos del pasado</subfield>
   </datafield>
   <datafield tag="653" ind2=" " ind1=" ">
      <subfield code="a">Museos de ciencia y tecnología</subfield>
   </datafield>
   <datafield ind2="0" ind1="0" tag="245">
      <subfield code="a">Los orígenes del Museo Nacional de Ciencia y Tecnología (MUNCYT) y la construcción del patrimonio científico-tecnológico en la España de la transición</subfield>
   </datafield>
</record></metadata></record></GetRecord></OAI-PMH>